Zimbabwean literature in African languages : crossing language boundaries /

Bibliographic Details
Main Author: Chiwome, Emmanuel
Other Authors: Mguni, Zifikile
Format: Book
Language:English
Published: Gweru, Zimbabwe : Booklove Publishers, 2012.
Subjects:

MARC

Tag First Indicator Second Indicator Subfields
LEADER 00000cam a2200000Ia 4500
001 in00002783383
005 20150922150510.0
008 121001s2012 rh b 000 0 eng d
020 |a 0797447326 
020 |a 9780797447325 
035 |a (OCoLC)ocn811591289 
035 |a (OCoLC)811591289 
040 |a YDXCP  |c YDXCP  |d NUI  |d BWX  |d UtOrBLW 
049 |a TXAM 
050 4 |a PL8014.Z55  |b Z56 2012 
100 1 |a Chiwome, Emmanuel. 
245 1 0 |a Zimbabwean literature in African languages :  |b crossing language boundaries /  |c Emmanuel M. Chiwome and Zifikile Mguni. 
264 1 |a Gweru, Zimbabwe :  |b Booklove Publishers,  |c 2012. 
300 |a 311 pages ;  |c 22 cm. 
336 |a text  |b txt  |2 rdacontent 
337 |a unmediated  |b n  |2 rdamedia 
338 |a volume  |b nc  |2 rdacarrier 
504 |a Includes bibliographical references (pages 302-311). 
650 0 |a Zimbabwean literature. 
650 0 |a Ndebele literature (Zimbabwe) 
650 0 |a Shona literature. 
700 1 |a Mguni, Zifikile. 
938 |a YBP Library Services  |b YANK  |n 9596093 
938 |a Blackwell Book Service  |b BBUS  |n 9596093 
947 |a A14835930198 
945 |a PromptCat  |b 108289 
946 |a stk 
994 |a 92  |b TXA 
948 |a Cataloged  |b h  |c 2012/11/29  |d c  |e EGrant 
999 |a MARS 
999 f f |s e0f1d304-9bb8-3cdf-8abd-9f73e9e95983  |i 17a17c50-ac13-3721-b79b-ab5572c57b19  |t 0 
952 f f |p normal  |a Texas A&M University  |b College Station  |c Sterling C. Evans Library  |d Evans: Library Stacks  |t 0  |e PL8014.Z55 Z56 2012  |h Library of Congress classification  |i unmediated -- volume  |m A14835930198 
998 f f |a PL8014.Z55 Z56 2012  |t 0  |l Evans: Library Stacks